Learning automata and stochastic Ootimization
Αποθηκεύτηκε σε:
| Κύριος συγγραφέας: | |
|---|---|
| Άλλοι συγγραφείς: | |
| Μορφή: | Βιβλίο |
| Γλώσσα: | English |
| Δημοσίευση: |
Berlin ; New York :
Springer-Verlag,
c1997
|
| Σειρά: | Lecture notes in control and information sciences ;
; 225 |
| Θέματα: | |
| Ετικέτες: |
Προσθήκη ετικέτας
Δεν υπάρχουν, Καταχωρήστε ετικέτα πρώτοι!
|
MARC
| LEADER | 00000nam a2200000 i 4500 | ||
|---|---|---|---|
| 001 | 1/77879 | ||
| 008 | 990426s1997 eng d | ||
| 020 | |a 3-540-76154-3 | ||
| 035 | |l 10050022 | ||
| 040 | |a GR-MY-UA |b gre |e aacr | ||
| 041 | 0 | |a eng | |
| 082 | 0 | |a 519.7 | |
| 100 | 1 | |a Poznyak, Alexander S. | |
| 245 | 1 | 0 | |a Learning automata and stochastic Ootimization / |c A.S. Poznyak and K. Najim |
| 260 | |a Berlin ; New York : |b Springer-Verlag, |c c1997 | ||
| 300 | |a xii, 204 p.; |c 24 cm. | ||
| 490 | 1 | |a Lecture notes in control and information sciences |v ; 225 | |
| 500 | |a Includes bibliographical references and index. | ||
| 650 | 0 | 0 | |a Stochastic processes. |
| 650 | 0 | 0 | |a Mathematical optimization. |
| 650 | 0 | 0 | |a Machine learning. |
| 650 | 0 | 0 | |a Artificial intelligence. |
| 700 | 1 | |a Najim, Kaddour. | |
| 830 | 0 | |a Lecture notes in control and information sciences ; |v ; 225 | |
| 852 | |a INST |b SAMOS |e 19990426 |h 519.7 POZ |p 005300014760 |q 005300014760 |t BK |y 0 | ||
| 901 | |a BIBL-1999-1 | ||
| 909 | |a Σ |b 064618 | ||
| 922 | |a 3ΕΛΗ |b 199902 |c ΚΠΣ |d GLORY | ||
| 950 | |a 116-1998-08-10 | ||